logo

Bir Sreshtho Munshi Abdur Rouf Library
Jhenaidah Cadet College

Windows XP simplified / (Record no. 6393)

MARC details
000 -LEADER
fixed length control field 00882nam a2200301 a 4500
001 - CONTROL NUMBER
JCCL Control Number 6393
003 - CONTROL NUMBER IDENTIFIER
JCCL marc code BD-JhCC
005 - DATE AND TIME OF LATEST TRANSACTION
control field 20180122183942.0
008 - FIXED-LENGTH DATA ELEMENTS--GENERAL INFORMATION
fixed length control field 180122s2005 njua e 001 0 eng d
020 ## - INTERNATIONAL STANDARD BOOK NUMBER
International Standard Book Number 9780764583292 (pbk.)
020 ## - INTERNATIONAL STANDARD BOOK NUMBER
International Standard Book Number 0764583298 (pbk.) :
Terms of availability £19.99
035 ## - SYSTEM CONTROL NUMBER
system control number (BD-JhCC)6393
040 ## - CATALOGING SOURCE
Original cataloging agency BD-JhCC
Modifying agency BD-JhCC
041 ## - LANGUAGE CODE
Language code of Book eng
082 04 - DEWEY DECIMAL CLASSIFICATION NUMBER
Classification number 005.446
DDC Edition number 22
Author mark and Year MCF 2005
100 1# - MAIN ENTRY--PERSONAL NAME
Personal name McFedries, Paul.
245 10 - TITLE STATEMENT
Title Windows XP simplified /
Statement of responsibility, etc by Paul McFedries.
250 ## - EDITION STATEMENT
Edition statement Service pack 2 ed.
260 ## - PUBLICATION, DISTRIBUTION, ETC. (IMPRINT)
Place of publication, distribution, etc Hoboken, N.J. :
Name of publisher, distributor, etc Wiley Pub.,
Date of publication, distribution, etc 2005.
300 ## - PHYSICAL DESCRIPTION
Pagination 227 p. :
Other physical details col. ill. ;
Dimensions 26 cm.
500 ## - GENERAL NOTE
General note Previous ed. by: Ruth Maran. 2001.
500 ## - GENERAL NOTE
General note Includes index.
650 #0 - SUBJECT ADDED ENTRY--TOPICAL TERM
Topical term or geographic name as entry element Operating systems (Computers)
700 1# - ADDED ENTRY--PERSONAL NAME
Personal name Maran, Ruth,
Dates associated with a name 1970-
Title of a work Windows XP simplified.
830 #0 - SERIES ADDED ENTRY--UNIFORM TITLE
Uniform title Visual read less, learn more
942 ## - ADDED ENTRY ELEMENTS (KOHA)
Source of classification or shelving scheme Dewey Decimal Classification
Koha item type Books
Holdings
Source of classification or shelving scheme Damaged status Not for loan Home library Current library Shelving location Source of acquisition Total Checkouts Full call number Barcode Date last seen Copy number Koha item type
Dewey Decimal Classification     JCC Rouf Library JCC Rouf Library General Stacks Asia Foundation   005.446 MCF 2005 387 01/22/2018 C-1 Books

JCC Library | Contacts | JCC Home

Last Update on 23 September 2017
Copyright @ 2017-2020 JCC Rouf Library
Rouf Library, Jhenidah Cadet College (JCC), Bangladesh